The Chemical formulary : (Record no. 9160)
[ view plain ]
| 000 -LEADER | |
|---|---|
| fixed length control field | 01202cas a2200289 a 4500 |
| 001 - CONTROL NUMBER | |
| control field | 9160 |
| 003 - CONTROL NUMBER IDENTIFIER | |
| rucl marc code | BD-RjUL |
| 005 - DATE AND TIME OF LATEST TRANSACTION | |
| control field | 20211208234728.0 |
| 008 - FIXED-LENGTH DATA ELEMENTS--GENERAL INFORMATION | |
| fixed length control field | 140120s1939 nyu x 0 0eng |
| 035 ## - SYSTEM CONTROL NUMBER | |
| System control number | (BD-RjUL)9205 |
| -- | (OCoLC)ocm02067695 |
| 040 ## - CATALOGING SOURCE | |
| Original cataloging agency | DLC |
| Language of cataloging | eng |
| Transcribing agency | BD-RjUL |
| Modifying agency | BD-RjUL |
| 041 ## - LANGUAGE CODE | |
| Language code of text/sound track or separate title | eng |
| 082 00 - DEWEY DECIMAL CLASSIFICATION NUMBER | |
| Edition number | 23 |
| Classification number | 660.83 |
| Author mark and year | CHE 1939 |
| 245 04 - TITLE STATEMENT | |
| Title | The Chemical formulary : |
| Remainder of title | a collection of valuable, timely, practical, commercial formulae and recipes for making thousands of products in many fields of industry / |
| Statement of responsibility, etc. | Editor H. Bennett. |
| 260 ## - PUBLICATION, DISTRIBUTION, ETC. (IMPRINT) | |
| Place of publication, distribution, etc. | Brooklyn, N.Y. : |
| Name of publisher, distributor, etc. | Chemical Pub. Co. |
| Date of publication, distribution, etc. | 1939 [reprinted 1948] |
| 300 ## - PHYSICAL DESCRIPTION | |
| Pagination | V. p. ; |
| Size | 23 cm. |
| 504 ## - BIBLIOGRAPHY, ETC. NOTE | |
| Bibliography, etc | Includes index. |
| 505 ## - FORMATTED CONTENTS NOTE | |
| Formatted contents note | Vol. 1 -- V. 3 -- V. 4 -- V. 7 -- V. 2 -- V. 9 --- |
| 650 #0 - SUBJECT ADDED ENTRY--TOPICAL TERM | |
| Topical term or geographic name as entry element | Chemistry, Technical |
| General subdivision | Formulae, receipts, prescriptions |
| Form subdivision | Periodicals. |
| 9 (RLIN) | 28422 |
| Topical term or geographic name as entry element | Chemical Industry |
| Form subdivision | Periodicals. |
| 9 (RLIN) | 28423 |
| Topical term or geographic name as entry element | Chemistry |
| Form subdivision | Periodicals. |
| 9 (RLIN) | 427 |
| Topical term or geographic name as entry element | Formularies |
| Form subdivision | Periodicals. |
| 9 (RLIN) | 28424 |
| Topical term or geographic name as entry element | Chemistry, Technical |
| General subdivision | Formulae, receipts, prescriptions. |
| 9 (RLIN) | 28425 |
| 700 1# - ADDED ENTRY--PERSONAL NAME | |
| Personal name | Bennett, H. |
| Fuller form of name | (Harry), |
| Dates associated with a name | 1895-1990. |
| 776 08 - ADDITIONAL PHYSICAL FORM ENTRY | |
| Relationship information | Online version: |
| Title | Chemical formulary |
| Record control number | (OCoLC)646823856 |
| 942 ## - ADDED ENTRY ELEMENTS (KOHA) | |
| Source of classification or shelving scheme | Dewey Decimal Classification |
| Koha item type | Books |
| Lost status | Source of classification or shelving scheme | Damaged status | Not for loan | Collection code | Permanent Location | Current Location | Shelving location | Date acquired | Source of acquisition | Cost, normal purchase price | Total Checkouts | Full call number | Date last seen | Copy number | Koha item type |
|---|---|---|---|---|---|---|---|---|---|---|---|---|---|---|---|
| Dewey Decimal Classification | Non-fiction | Central Library, University of Rajshahi | Central Library, University of Rajshahi | 20/01/1958 | B.H. Black well. | 8.80 | 660.83 CHE V-4 1939 | 20/01/2014 | C-4 | Books | |||||
| Dewey Decimal Classification | Not For Loan | Non-fiction | Central Library, University of Rajshahi | Central Library, University of Rajshahi | Reading Room | 27/01/1958 | B. H. Blackwell | 9.90 | 660.83 CHE V-1 1933 | 02/04/2017 | C-1 | Books | |||
| Dewey Decimal Classification | Not For Loan | Non-fiction | Central Library, University of Rajshahi | Central Library, University of Rajshahi | Reading Room | 20/01/1958 | Blackwell | 8.00 | 660.83 CHE V-7 1945 | 03/04/2017 | C-1 | Books | |||
| Dewey Decimal Classification | Not For Loan | Non-fiction | Central Library, University of Rajshahi | Central Library, University of Rajshahi | Reading Room | 20/01/1958 | Black-Well | 9.00 | 660.83 CHE V-2 1935 | 08/04/2017 | C-1 | Books | |||
| Dewey Decimal Classification | Not For Loan | Non-fiction | Central Library, University of Rajshahi | Central Library, University of Rajshahi | Reading Room | 20/01/1958 | Blackweel | 9.00 | 660.83 CHE V-3 1948 | 12/04/2017 | C-1 | Books | |||
| Dewey Decimal Classification | Not For Loan | Non-fiction | Central Library, University of Rajshahi | Central Library, University of Rajshahi | Reading Room | 23/01/1958 | B.H. Blackwell | 8.08 | 660.83 CHE V-9 1951 | 25/05/2017 | C-1 | Books |